Gracie Abrams - Where do we go now? (Lyrics) - Statistics

General Stats
  • This quiz has been taken 387 times
  • The average score is 264 of 320
Answer Stats
Answer % Correct
Where
99%
where
99%
go
98%
no
98%
we
98%
We
98%
do
97%
now?
97%
now
97%
you
95%
You
95%
I
94%
a
93%
me,
91%
my
91%
the
88%
it
86%
It
86%
of
86%
to
86%
When
86%
when
86%
be
83%
So
81%
street
81%
that
81%
24th
80%
an
80%
and
79%
And
79%
miss
78%
What
78%
But
77%
how
77%
in
77%
time
77%
time,
77%
Like
76%
like
76%
All
75%
all
75%
best
75%
here
75%
your
75%
Had
74%
had
74%
I'm
74%
we're
74%
were
74%
alarm
73%
arm
73%
could
73%
could,
73%
fire
73%
don't
72%
every
72%
held
72%
kissed
72%
lost
72%
try
72%
know
71%
life
71%
'Cause
70%
mental
70%
felt
69%
If
69%
half
68%
lied
68%
lot
68%
myself
68%
without
68%
wrong
67%
You're
66%
back,
65%
I'd
65%
I'd
65%
changed
64%
control
64%
grabbed
64%
hard
64%
look
64%
tried
64%
Can't
63%
can't
63%
was
63%
way
63%
one
62%
die
61%
hopeful
61%
left
61%
somehow
61%
brutal
60%
Got
60%
hurt
60%
our
60%
through
60%
work
60%
feeling
59%
fell
59%
line
59%
longest
59%
supposed
59%
cry
58%
down
58%
about
57%
actual
57%
fake
57%
for
57%
hate
57%
out?
56%
sided,
56%
Give
55%
meet
55%
are
54%
choose
54%
nothing
54%
promise
54%
tell
54%
There's
54%
you'll
54%
After
53%
years
53%
ceiling
52%
mind
52%
overnight
52%
thing
52%
up
52%
light
51%
blame
50%
needed
50%
fighting
49%
have
48%
losing
48%
Reservations
48%
burned
47%
behind
44%
space
44%
lived
41%
writing
34%
No matching quizzes found
Score Distribution
Percent of People with Each Score
Percentile by Number Answered
Your Score History
You have not taken this quiz